| 000 | 01099nam a2200313Ia 4500 | ||
|---|---|---|---|
| 005 | 20210727153349.0 | ||
| 008 | 161108s2001 ck a g 000 0 spa | ||
| 020 |
_a9789580450504 _q9580450501 |
||
| 100 | 1 |
_aBojunga Nunes, Lygia _d1932- |
|
| 245 | 1 | 0 |
_aSeis veces Lucas _cLygia Bojunga ; ilustraciones de Alejandro Ortiz ; traducción de Elkin Obregón |
| 250 | _a1a. edición | ||
| 300 |
_a109 páginas _bilustraciones en blanco y negro _c20 cm |
||
| 490 | _aTorre de papel | ||
| 534 | _tSeis vezes Lucas | ||
| 586 | _aPremio Hans Christian Andersen,1982 | ||
| 650 | 1 | 4 |
_2LEMB _aNovela infantil brasileña _ySiglo XX |
| 650 | 1 | 4 |
_2LEMB _aLiteratura infantil brasileña _ySiglo XX |
| 650 | 1 | 4 |
_2LEMB _aFantasía en la literatura |
| 650 | 1 | 4 |
_2LEMB _aMiedo en la literatura |
| 700 | 1 | _aOrtíz, Alejandro | |
| 700 | 1 | _aObregón S., Elkin | |
| 942 |
_2loc _cBKINF |
||
| 264 |
_aBogotá _bNorma _c2001 |
||
| 336 |
_atexto _btxt _2rdacontent |
||
| 337 |
_asin mediación _bn _2rdamedia |
||
| 338 |
_avolumen _bnc _2rdacarrier |
||
| 040 |
_aCO-BoRNBP _bspa _erda _cCO-BoRNBP |
||
| 084 | _aN BOJ1 | ||
| 999 |
_c6780 _d6780 |
||